Statistics for Top 150 Most Populated Subdivisions of Asia

Click here to take the quiz!

General Stats

  • This quiz has been taken 36 times
  • The average score is 81 of 150

Answer Stats

CountrySubdivisionPopulation% Correct
IndiaUttar Pradesh247 mil
87%
MyanmarShan5.58 mil
83%
ChinaBeijing22.2 mil
80%
IndiaDelhi19.5 mil
80%
IndiaMaharashtra128 mil
80%
PakistanPunjab123 mil
80%
IndiaPunjab31.4 mil
80%
IndonesiaSpecial Capital
Region of Jakarta
10.7 mil
80%
IndiaTamil Nadu81.0 mil
80%
JapanTokyo13.5 mil
80%
IndiaWest Bengal104 mil
80%
Sri LankaWestern6.14 mil
80%
BangladeshDhaka46.2 mil
77%
IndiaGujarat66.5 mil
77%
IndiaKerala37.1 mil
77%
PhilippinesNational Capital14.5 mil
77%
PakistanAzad Jammu and
Kashmir
4.53 mil
73%
IndiaBihar130 mil
73%
BangladeshChittagong34.7 mil
73%
ChinaGuangdong127 mil
73%
VietnamHà Nội8.27 mil
73%
VietnamHồ Chí Minh9.23 mil
73%
ChinaHong Kong7.53 mil
73%
ChinaInner Mongolia24.4 mil
73%
IndiaJammu and Kashmir14.2 mil
73%
ChinaShanghai25.3 mil
73%
ChinaSichuan85.0 mil
73%
ChinaXinjiang Uyghur26.3 mil
73%
IndiaAssam37.0 mil
70%
Saudi ArabiaEastern Province5.54 mil
70%
JapanOsaka8.54 mil
70%
South KoreaSeoul9.58 mil
70%
ChinaTianjin14.1 mil
70%
IndiaAndhra Pradesh56.1 mil
67%
ChinaHainan10.2 mil
67%
ChinaHebei75.8 mil
67%
JapanHokkaido5.06 mil
67%
ChinaHubei58.7 mil
67%
IndiaKarnataka70.3 mil
67%
IndiaMadhya Pradesh88.8 mil
67%
Saudi ArabiaMakkah9.71 mil
67%
IndiaOdisha48.2 mil
67%
Saudi ArabiaRiyadh9.32 mil
67%
ChinaShandong103 mil
67%
IranTehran14.8 mil
67%
IndiaTelangana41.0 mil
67%
MyanmarYangon8.27 mil
67%
JordanAmman4.76 mil
63%
ChinaAnhui62.0 mil
63%
PakistanBalochistan13.8 mil
63%
ThailandBangkok6.06 mil
63%
ChinaFujian42.2 mil
63%
ChinaHenan100 mil
63%
IndiaHimachal Pradesh7.75 mil
63%
ChinaJilin24.5 mil
63%
ChinaLiaoning43.3 mil
63%
MyanmarMandalay5.98 mil
63%
IndiaRajasthan84.3 mil
63%
PakistanSindh53.6 mil
63%
IndiaUttarakhand11.7 mil
63%
YemenAmanat Al Asimah4.28 mil
60%
IraqBaghdad9.71 mil
60%
IndonesiaCentral Java37.2 mil
60%
ChinaChongqing32.6 mil
60%
JapanFukuoka4.99 mil
60%
ChinaGansu25.4 mil
60%
IndiaHaryana29.3 mil
60%
ChinaHeilongjiang32.3 mil
60%
ChinaHunan67.5 mil
60%
TurkeyIstanbul5.68 mil
60%
ChinaShaanxi40.1 mil
60%
ChinaShanxi35.5 mil
60%
IndonesiaWest Java49.7 mil
60%
ChinaYunnan47.9 mil
60%
IndonesiaAceh5.44 mil
57%
TurkeyAnkara5.81 mil
57%
IndiaChhattisgarh30.6 mil
57%
IndonesiaEast Java41.4 mil
57%
ChinaGuangxi50.9 mil
57%
Turkeyİzmir4.49 mil
57%
ChinaJiangsu86.1 mil
57%
AfghanistanKabul6.98 mil
57%
IndonesiaNorth Sumatra15.2 mil
57%
IndonesiaSouth Sumatra8.70 mil
57%
ChinaGuizhou39.2 mil
53%
IndiaJharkhand40.2 mil
53%
PakistanKhyber Pakhtunkhwa39.8 mil
53%
ChinaQinghai6.02 mil
53%
BangladeshSylhet11.5 mil
53%
IndonesiaBali4.44 mil
50%
IraqBasra4.00 mil
50%
IranIsfahan5.63 mil
50%
ChinaNingxia7.32 mil
50%
BangladeshRajshahi21.3 mil
50%
IndonesiaSouth Sulawesi9.27 mil
50%
IndonesiaWest Sumatra5.67 mil
50%
ChinaZhejiang65.6 mil
50%
SyriaAleppo4.14 mil
47%
IndonesiaEast Nusa Tenggara5.49 mil
47%
ChinaJiangxi45.9 mil
47%
JapanKanagawa8.89 mil
47%
BangladeshMymensingh12.8 mil
47%
BangladeshRangpur18.4 mil
47%
IndiaTripura4.34 mil
47%
IndonesiaWest Nusa Tenggara5.50 mil
47%
IndonesiaBanten12.3 mil
43%
BangladeshBarisal9.52 mil
43%
JapanChiba6.07 mil
43%
PhilippinesDavao5.63 mil
43%
MalaysiaJohor4.22 mil
43%
BangladeshKhulna18.2 mil
43%
JapanSaitama7.10 mil
43%
IndonesiaRiau6.65 mil
40%
IndonesiaSouth Kalimantan4.20 mil
40%
IndonesiaWest Kalimantan5.57 mil
40%
JapanAichi7.31 mil
37%
South KoreaGyeonggi13.5 mil
37%
IndonesiaLampung9.22 mil
37%
PhilippinesMuslim Mindanao5.31 mil
37%
TaiwanNew Taipei4.38 mil
37%
UzbekistanSamarqand4.01 mil
37%
MalaysiaSelangor7.38 mil
37%
PhilippinesSouthern Tagalog
Mainland
17.4 mil
37%
PhilippinesCentral Luzon13.3 mil
33%
PhilippinesCentral Visayas8.68 mil
33%
IranEast Azerbaijan4.25 mil
33%
PhilippinesEastern Visayas4.88 mil
33%
NepalKoshi5.26 mil
33%
RussiaSverdlovsk4.19 mil
33%
PhilippinesWestern Visayas8.54 mil
33%
PhilippinesCagayan Valley3.96 mil
30%
PhilippinesIlocos5.69 mil
30%
IranRazavi Khorasan7.36 mil
30%
PhilippinesZamboanga Peninsula4.16 mil
30%
JapanHyōgo5.29 mil
27%
IranKhuzestan5.21 mil
27%
PhilippinesSOCCSKSARGEN4.68 mil
27%
NepalBagmati6.44 mil
23%
MyanmarBago4.97 mil
23%
PhilippinesBicol6.53 mil
23%
NepalLumbini5.42 mil
23%
IraqNineveh5.17 mil
23%
PhilippinesNorthern Mindanao5.39 mil
23%
YemenAl Hudaydah3.93 mil
20%
MyanmarAyeyarwady6.32 mil
20%
MyanmarSagaing5.48 mil
20%
IranFars5.31 mil
17%
NepalMadhesh6.48 mil
17%
MyanmarMagway3.97 mil
13%
North KoreaSouth Pyongan4.07 mil
10%

Score Distribution

Percentile by Number Answered

Percent of People with Each Score

Your Score History

You have not taken this quiz